[Event "Mallorca-chT Preferente"]
[Site "Palma de Mallorca"]
[Date "2012.01.28"]
[Round "1.1"]
[White "Ballester Cladera, Antonio"]
[Black "Valls Casas, Jordi"]
[Result "0-1"]
[WhiteElo "1796"]
[BlackElo "2038"]
[PlyCount "56"]
[EventDate "2012.01.28"]
[EventType "team"]
[EventRounds "9"]
[EventCountry "ESP"]
[SourceTitle "EXT 2014"]
[Source "ChessBase"]
[SourceDate "2013.11.20"]
[SourceVersion "1"]
[SourceVersionDate "2013.11.20"]
[SourceQuality "1"]
[WhiteTeam "Maria Salut"]
[BlackTeam "Dimonis Algaida"]
[WhiteTeamCountry "ESP"]
[BlackTeamCountry "ESP"]

1. d4 d5 2. Nf3 c6 3. Bf4 e6 4. c3 f5 5. e3 Nf6 6. Nbd2 Be7 7. Qc2 0-0 8. Bd3 Nbd7 9. Ng5 Nb6 10. h3 Ne4 11. Ngf3 Nd7 12. c4 b6 13. cxd5 Nxd2 14. Nxd2 Nf6 15. dxc6 Nd5 16. Be5 Nb4 17. Qc3 Qd5 18. a3 Nxd3+ 19. Qxd3 Qxg2 20. Ke2 Qxc6 21. Rag1 Bf6 22. Rc1 Qd5 23. Bxf6 Rxf6 24. Qc4 Qa5 25. Qc3 Ba6+ 26. Ke1 Qd5 27. Qc6 Qxc6 28. Rxc6 Bb7 0-1